Problemt̀ica actual de los productos financieros complejos

Detalles Bibliográficos
Autor principal: de Aguilar Gualda, Salud
Formato: eBook
Lenguaje:español
Publicado: Barcelona: J.M. Bosch Editor, 2019
Materias:
Acceso en línea:Acceso restringido

MARC

LEADER 00000nam a22000007a 4500
005 20200206122015.0
007 cr|||| ||||
008 200206s2019 es |||||s|||| 00||0 spa d
020 |a 978-84-120546-9-9 
035 |a 31100 
040 |a vLex 
090 |c 10136  |d 10136 
100 1 |a de Aguilar Gualda, Salud 
245 1 0 |a Problemt̀ica actual de los productos financieros complejos  |h [Recurso electrn̤ico] /  |c Salud de Aguilar Gualda 
256 |a Servicio en ln̕ea 
260 |a Barcelona:  |b J.M. Bosch Editor,  |c 2019 
300 |a 1 recurso electrn̤ico 
500 |a Subtt̕ulo: Especial referencia a la nulidad por incumplimiento contractual del empresario. A la luz de la jurisprudencia del TS y el TJUE. Resulta de notoria importancia el interš que han despertado los productos financieros complejos en los l︢timos aǫs, y con ello me refiero a instrumentos como las participaciones preferentes, las obligaciones subordinadas, la hipoteca con moneda extranjera, la hipoteca con clùsula suelo, etc. Pero realmente ¿quiň conoce estos productos? ¿Es el consumidor minorista, el ciudadano medio, consciente de las caracters̕ticas legales y fiscales de cada uno de estos productos a la hora de firmar el contrato de adquisicin̤ o la escritura pb︢lica de constitucin̤? ¿qu ̌ha supuesto la venta de estos productos en la economa̕ de las familias espaǫlas? ¿cm̤o ha reaccionado el Gobierno ante esta situacin̤? ¿es la va̕ civil la ms̀ acertada, o cabra̕ la penal por delito de estafa? ¿estar ̀obligado el banco a pagar una indemnizacin̤ por incumplimiento contractual de sus deberes de transparencia e informacin̤ al cliente?. Y finalmente, ¿qu ̌doctrina jurisprudencial espaǫla y europea se ha asentado con respecto al consumidor y al empresario (entidad bancaria)?. Estas y otras muchas cuestiones serǹ resueltas en el interior de este libro. 
506 1 |a Disponible solo en los productos indicados  |d vLex Global  |d vLex Global (Academic Edition, excluding Law Schools)  |d vLex Global (U.S. Academic Edition, Law Schools)  |d vLex Global (U.S. Academic Edition, excluding Law Schools)  |d vLex Global (Academic Edition, Law Schools) 
650 0 4 |a Financiero  |z Espaą 
740 0 |a vLex Libros (Servicio en ln̕ea) 
856 4 0 |u http://vlex.com/source/problematica-actual-de-los-productos-financieros-complejos-especial-referencia-a-la-nulidad-por-incumplimiento-contractual-del-empresario-31100  |z Acceso restringido 
942 |c BOOK 
999 0 |a Financial